000 002490000a22000970004500
100 1 _aHill, Jo
245 1 0 _aA passage to India : The kingdom of God in downtown Calcutta
300 _aNum 16 (2001), Páginas 18-19
773 0 _tTeartimes
942 _cANA
999 _c55918
_d55918